Library Banner

Pakistan the indentity of culture (Record no. 81195)

MARC details
000 -LEADER
fixed length control field 00374nam a22001457a 4500
005 - DATE AND TIME OF LATEST TRANSACTION
control field 20160106112259.0
008 - FIXED-LENGTH DATA ELEMENTS--GENERAL INFORMATION
fixed length control field 160106b xxu||||| |||| 00| 0 eng d
040 ## - CATALOGING SOURCE
Transcribing agency PK-LaUMT
082 ## - DEWEY DECIMAL CLASSIFICATION NUMBER
Classification number MMC 954.9
Item number JAM-P
100 ## - MAIN ENTRY--PERSONAL NAME
Personal name Jameel Jalibi
245 ## - TITLE STATEMENT
Title Pakistan the indentity of culture
Statement of responsibility, etc Jameel Jalibi
260 ## - PUBLICATION, DISTRIBUTION, ETC. (IMPRINT)
Place of publication, distribution, etc Karachi
Name of publisher, distributor, etc Royal book
Date of publication, distribution, etc 1984
300 ## - PHYSICAL DESCRIPTION
Extent 213 p.
942 ## - ADDED ENTRY ELEMENTS (KOHA)
Koha item type Books
Holdings
Withdrawn status Lost status Damaged status Home library Current library Date acquired Full call number Barcode Date last seen Price effective from Koha item type
      UMT Main Campus UMT Main Campus 2016-01-06 MMC 954.9 JAM-P 95807 2016-01-06 2016-01-06 Books